00474 2200169 4500001002100000008004100021035002000062245005800082100002900140260003200169300001200201020002200213084002000235082000800255650002300263990001800286INLIS000000000000986 ind  a0010-0724000986 aMatematika Dalam PerjalanancSue Thomson; Ian Forster aSue Thomson; Ian Forster aKlatenbCempaka Putihc2010 a56 hlm. a978-979-662-465-2 a519.28203 SUE m a519 aMatematika Terapan aP29/CP/24/986